Excellence in business / (Record no. 32)
[ view plain ]
| 000 -LEADER | |
|---|---|
| fixed length control field | 00561nac a22001691u 4500 |
| 008 - FIXED-LENGTH DATA ELEMENTS--GENERAL INFORMATION | |
| fixed length control field | 100919s2005 nju||||| |||| 00| 0 eng d |
| 020 ## - INTERNATIONAL STANDARD BOOK NUMBER | |
| International Standard Book Number | 0131273043 |
| 020 ## - INTERNATIONAL STANDARD BOOK NUMBER | |
| International Standard Book Number | 9780131273047 |
| 082 ## - DEWEY DECIMAL CLASSIFICATION NUMBER | |
| Classification number | 658.45 |
| Item number | BOV |
| Edition number | 22 |
| 100 ## - MAIN ENTRY--PERSONAL NAME | |
| Personal name | Bovee, Courtland L. |
| 9 (RLIN) | 19470 |
| 245 ## - TITLE STATEMENT | |
| Title | Excellence in business / |
| Statement of responsibility, etc | Courtland L. Bovee, John V. Thill, Michael H. Mescon |
| 250 ## - EDITION STATEMENT | |
| Edition statement | Rev. ed. |
| 260 ## - PUBLICATION, DISTRIBUTION, ETC. (IMPRINT) | |
| Place of publication, distribution, etc | Upper Saddle River, N J: |
| Name of publisher, distributor, etc | Pearson,2005 |
| Date of publication, distribution, etc | 2005 |
| 300 ## - PHYSICAL DESCRIPTION | |
| Extent | 1v.(various pagings) : |
| Other physical details | ill.; |
| Dimensions | 27 cm. |
| 650 ## - SUBJECT ADDED ENTRY--TOPICAL TERM | |
| Topical term or geographic name as entry element | Business Communication |
| 9 (RLIN) | 19471 |
| 942 ## - ADDED ENTRY ELEMENTS (KOHA) | |
| Item type | Book - Borrowing |
| Institution code [OBSOLETE] | 658.45 BOV |
| Source of classification or shelving scheme | Dewey Decimal Classification |
| Withdrawn status | Item status | Source of classification or shelving scheme | Damaged status | Not for loan | Vendor | Home library | Current library | Shelving location | Date acquired | Source of acquisition | Cost, normal purchase price | Total Checkouts | Total Renewals | Full call number | Barcode | Date last seen | Date last borrowed | Cost, replacement price | Koha item type |
|---|---|---|---|---|---|---|---|---|---|---|---|---|---|---|---|---|---|---|---|
| Dewey Decimal Classification | Central Library | Central Library | First floor | 09/11/2005 | 205.00 | 5 | 3 | 658.45 BOV | 000004984 | 15/07/2025 | 06/07/2021 | 256.25 | Book - Borrowing | ||||||
| Dewey Decimal Classification | Central Library | Central Library | First floor | 09/11/2005 | 205.00 | 4 | 658.45 BOV | 000004983 | 15/07/2025 | 256.25 | Book - Borrowing | ||||||||
| Dewey Decimal Classification | Central Library | Central Library | First floor | 09/11/2005 | 205.00 | 6 | 658.45 BOV | 000004982 | 15/07/2025 | 256.25 | Book - Borrowing | ||||||||
| Dewey Decimal Classification | Central Library | Central Library | First floor | 19/09/2010 | 205.00 | 7 | 658.45 BOV | 000004990 | 15/07/2025 | 10/11/2008 | 256.25 | Book - Borrowing | |||||||
| Dewey Decimal Classification | Central Library | Central Library | First floor | 05/11/2013 | 205.00 | 7 | 658.45 BOV | 000004989 | 15/07/2025 | 256.25 | Book - Borrowing | ||||||||
| Dewey Decimal Classification | Central Library | Central Library | First floor | 09/11/2005 | 205.00 | 3 | 658.45 BOV | 000004987 | 15/07/2025 | 256.25 | Book - Borrowing | ||||||||
| Dewey Decimal Classification | Central Library | Central Library | First floor | 09/11/2005 | 205.00 | 4 | 658.45 BOV | 000004985 | 15/07/2025 | 256.25 | Book - Borrowing | ||||||||
| Dewey Decimal Classification | Central Library | Central Library | First floor | 07/09/2010 | 205.00 | 1 | 2 | 658.45 BOV | 000005735 | 15/07/2025 | 25/03/2012 | 256.25 | Book - Borrowing | ||||||
| Dewey Decimal Classification | Central Library | Central Library | First floor | 19/09/2010 | 205.00 | 1 | 8 | 658.45 BOV | 000004988 | 15/07/2025 | 08/03/2014 | 256.25 | Book - Borrowing |